000 00583nam a22002057a 4500
003 OSt
005 20240115122401.0
008 140707b xxu||||| |||| 00| 0 eng d
020 _a0838505554
040 _cDNLM.
082 _aQV 4 K159b 1989
100 _aKatzung, Bertram G.
_9366
245 _aBasic and Clinical Pharmacology
250 _a4th ed.
260 _aLondon;
_bPrentice_Hall International,inc,
_c1989.
300 _axiv, 897 p. :
_bcol.ill;
_c24 cm.
504 _aIncludes Bibliographical references and index
650 _aPharmacology.
_9357
942 _2z
_cO_SHELF
999 _c8258
_d8258